000 01352nam a2200373 i 4500
001 11442
003 KOSZ 005
005 20221024083403.0
008 080327s1964 pl a f 001 0 pol
015 _aPB 1964/6174
040 _aWA N
_cWA N
_dKOSZ 005/RW
_dKOSZ 005/HR
046 _k1964
080 _a621.74
100 1 _aSkarbiński, Michał
_d(1903-1997)
_eAutor
245 1 0 _aOprzyrządowanie odlewnicze dla produkcji seryjnej /
_cMichał Skarbiński.
260 _aWarszawa :
_bWydawnictwa Naukowo-Techniczne,
_c1964.
300 _a450, [1] s. :
_bil. ;
_c25 cm.
336 _2rdacontent
_aTekst
_btxt
337 _2rdamedia
_aBez urządzenia pośredniczącego
_bn
338 _2rdacarrier
_aWolumin
_bnc
380 _aKsiążki
388 _a1901-2000
388 _a1945-1989
504 _aBibliogr. s. 438-[442]. Indeks.
521 8 _aDla pracowników inżynieryjno-technicznych, technologów-odlewników i studentów wyższych szkół technicznych.
650 4 _aFormierstwo
650 4 _aNarzędzia i maszyny
650 4 _aOdlewnictwo
655 4 _aPodręcznik
658 _aInżynieria i technika
710 2 _aWydawnictwa Naukowo-Techniczne
_4pbl.
856 _uhttp://koha.tu.koszalin.pl/cgi-bin/koha/opac-detail.pl?biblionumber=11442
_yKatalog online BPK
942 _2UKD
_cKS
999 _c11442
_d11442